[Event "The old man the boat."]
[Site "SchemingMind.com"]
[Date "2012.04.25"]
[Round "-"]
[White "emvarela"]
[Black "Scooter"]
[Result "1-0"]
[WhiteCountry "ARG"]
[BlackCountry "USA"]
[WhiteElo "1757"]
[WhiteRD "48"]
[BlackElo "1775"]
[BlackRD "47"]
[GameID "308812"]

1. e4 c6 2. d4 d5 3. Nc3 dxe4 4. Nxe4 Bf5 5. Ng3 Bg6 6. h4 h6 7. h5 Bh7 8. Nf3 Nd7 9. Bd3 Bxd3 10. Qxd3 Qc7
11. Bd2 Ngf6 12. O-O-O e6 13. Ne4 Nxe4 14. Qxe4 Nf6 15. Qe2 O-O-O 16. g3 Be7 17. Bf4 Bd6 18. Bxd6 Rxd6 19. c3 Rd5 20. Ne5 Rhd8
21. Rd2 c5 22. Kb1 Kb8 23. Rhd1 cxd4 24. Rxd4 Rxd4 25. Rxd4 Rxd4 26. cxd4 Nd5 27. Qb5 f6 28. Qe8+ Qc8 29. Nd7+ Kc7 30. Qxc8+ Kxc8
31. Nc5 Nc7 32. Kc2 b6 33. Ne4 Kd7 34. a4 Kc6 35. Nc3 Na6 36. Kb3 Nc7 37. Kc4 a6 38. b4 b5+ 39. axb5+ Nxb5 40. Ne4 Na3+
41. Kb3 Nb5 42. Kc4= Nd6+ 43. Nxd6 Kxd6 44. g4 f5 45. gxf5 exf5 46. f4 Kc6 47. d5+ Kd7 48. Kc5 Kc7 49. d6+ Kd7 50. Kd5 Ke8
51. Ke6
1-0

[Event "The old man the boat."]
[Site "SchemingMind.com"]
[Date "2012.04.22"]
[Round "-"]
[White "Sir Osis of the Liver"]
[Black "Scooter"]
[Result "0-1"]
[WhiteCountry "ENG"]
[BlackCountry "USA"]
[WhiteElo "1641"]
[WhiteRD "105"]
[BlackElo "1801"]
[BlackRD "49"]
[GameID "308813"]

1. e4 c6 2. d4 d5 3. e5 Bf5 4. Nf3 e6 5. a3 Nd7 6. Nc3 h6 7. Be2 Ne7 8. h3 c5 9. Bb5 c4 10. O-O a6
11. Bxd7+ Qxd7 12. b4 b5 13. Bf4 Nc6 14. a4 Nxb4 15. Ne1 bxa4 16. Nxa4 Qc6 17. c3 Nd3 18. Nxd3 Bxd3 19. Re1 Be7 20. Nb2 Bg6
21. Qf3 Qd7 22. Na4 Qb5 23. Be3 O-O 24. Reb1 Bxb1 25. Nc5 Bxc5 26. dxc5 Qb2 27. Ra4 Bc2 28. Rb4 Qxc3 29. Rb7 a5 30. Qg4 Qa1+
31. Kh2 Qxe5+ 32. Bf4 Qf5 33. Qg3 Qg6 34. Qc3 Be4 35. f3 d4 36. Qxc4 Bxb7 37. c6 Ba6 38. Qxd4 Rfd8 39. Qb6 Bf1 40. Bg3 Qc2
41. Bf2 Rd2 42. Kg1 Rxf2 43. Qxf2 Qxf2+ 44. Kxf2 a4
0-1